C. Clémentin-Ojha, C. Jaffrelot, D. Matringe, J. Pouchepadass (dir.), Dictionnaire de l’Inde, Larousse, 2009, 480 p., 26 € (notice n° 1642597)
[ vue normale ]
| 000 -LEADER | |
|---|---|
| fixed length control field | 00723cam a2200157 4500500 |
| 005 - DATE AND TIME OF LATEST TRANSACTION | |
| control field | 20260201134432.0 |
| 041 ## - LANGUAGE CODE | |
| Language code of text/sound track or separate title | fre |
| 042 ## - AUTHENTICATION CODE | |
| Authentication code | dc |
| 100 10 - MAIN ENTRY--PERSONAL NAME | |
| Personal name | Mellon, Christian |
| Relator term | author |
| 245 00 - TITLE STATEMENT | |
| Title | C. Clémentin-Ojha, C. Jaffrelot, D. Matringe, J. Pouchepadass (dir.), Dictionnaire de l’Inde, Larousse, 2009, 480 p., 26 € |
| 260 ## - PUBLICATION, DISTRIBUTION, ETC. | |
| Date of publication, distribution, etc. | 2009.<br/> |
| 500 ## - GENERAL NOTE | |
| General note | 77 |
| 520 ## - SUMMARY, ETC. | |
| Summary, etc. | Resumé Autour du livre de Pierre Dardot et Christian Laval, La nouelle raison du monde. Essai sur la société néolibérale, La Découverte, 2009, 496 p., 26 € |
| 786 0# - DATA SOURCE ENTRY | |
| Note | Revue Projet | 310 | 3 | 2009-03-01 | p. 088b-094b | 0033-0884 |
| 856 41 - ELECTRONIC LOCATION AND ACCESS | |
| Uniform Resource Identifier | <a href="https://shs.cairn.info/revue-projet-2009-3-page-088b?lang=fr&redirect-ssocas=7080">https://shs.cairn.info/revue-projet-2009-3-page-088b?lang=fr&redirect-ssocas=7080</a> |
Pas d'exemplaire disponible.




Réseaux sociaux